Wrestlers by Picture 1: All Time Popular Pro Wrestlers - Statistics

General Stats
  • This quiz has been taken 201 times
  • The average score is 15 of 16
Answer Stats
Picture Answer % Correct
Hulk Hogan
98%
John Cena
98%
Steve Austin
98%
The Rock
98%
Andre the Giant
97%
The Undertaker
97%
Randy Savage
94%
Triple H
94%
Batista
93%
Randy Orton
93%
Roman Reigns
93%
Ric Flair
92%
Shawn Michaels
92%
Bret Hart
91%
Edge
91%
Seth Rollins
91%
No matching quizzes found
Score Distribution
Percent of People with Each Score
Percentile by Number Answered
Your Score History
You have not taken this quiz